000 01077nam a2200277Ia 4500
003 OSt
005 20221005110554.0
006 a|||||r|||| 00| 0
007 ta
008 221004b |||||||| |||| 00| 0 urd d
020 _a9788126318377 (hbk)
_c300
024 _a121447
037 _b13336, 23/07/2012, Kitab Ghar
_cTextual
040 _aCRL
_cCRL
_burd
041 _2urd
_aurd
082 _aO168,3N28,CB, 152Q0
100 _aहैदर, कुर्रतुलऐन
245 0 _aचॉंदनी बेगम
246 _aChaॉandanī begama
260 _aनई दिल्ली
_bभारतीय ज्ञानपीठ भारत
_c2010
300 _a310पृ0, ृ
_ccm.
650 _aउर्दू साहित्य
700 _a अलवी, वहाजउद्दीन, अनु.
_9158572
942 _hO168,3N28,CB, 152Q0
_cTEXL
_2cc
999 _c1019249
_d1019249